[Event "XII Open"]
[Site "Torredembarra ESP"]
[Date "2010.07.09"]
[Round "7"]
[White "Berbatov,K"]
[Black "Farran Martos,J"]
[Result "1-0"]
[WhiteElo "2455"]
[BlackElo "2194"]

1.e4 e6 2.d4 d5 3.Nd2 Nc6 4.Ngf3 Nf6 5.e5 Nd7 6.Be2 f6 7.exf6 Qxf6 8.Nf1 Bd6
9.Ne3 O-O 10.O-O Qg6 11.c4 Nf6 12.b3 Bd7 13.Bb2 Bf4 14.Bd3 Qh5 15.Qe2 Nb4
16.h3 Nxd3 17.Qxd3 Ne4 18.Ne5 Bxe5 19.dxe5 c6 20.cxd5 cxd5 21.Nxd5 exd5 22.Qxd5+ Rf7
23.Qxb7 Rc8 24.Qxe4 Bc6 25.Qg4 Qxg4 26.hxg4 Bb5 27.Rfc1 Rfc7 28.e6 Rxc1+
29.Rxc1 Rxc1+ 30.Bxc1 Bd3 31.Be3 a6 32.Kh2 Bb1 33.a3 Ba2 34.f4 Bxb3 35.f5 h5
36.gxh5 Bd1 37.h6 Bg4 38.e7 Bh5 39.g4 Be8 40.g5 Bd7 41.g6 Be8 42.h7+ Kh8
43.Bd4  1-0

[Event "Heart of Finland"]
[Site "Jyvaskyla FIN"]
[Date "2010.07.10"]
[Round "8"]
[White "Ahvenjarvi,Jani"]
[Black "Rudolf,An"]
[Result "0-1"]
[WhiteElo "2042"]
[BlackElo "2393"]

1.e4 e6 2.d4 d5 3.Nd2 Be7 4.Bd3 c5 5.dxc5 Nf6 6.Qe2 O-O 7.Ngf3 a5 8.O-O Na6
9.e5 Nd7 10.c3 Naxc5 11.Bc2 b6 12.Re1 Ba6 13.Qe3 f6 14.exf6 Bxf6 15.Nb3 Qe8
16.Nxc5 Nxc5 17.Ng5 Bxg5 18.Qxg5 Bd3 19.Bxd3 Nxd3 20.Re2 Rf6 21.Be3 Rg6 22.Qh4 a4
23.Rd2 Qb5 24.Rb1 Ne5 25.Qh5 Nc4 26.Qe2 Qc6 27.Rd4 a3 28.b3 e5 29.Rh4 Nxe3
30.Qxe3 d4 31.Qe4 dxc3 32.g3 b5 33.Qxe5 Re8 34.Qf4 Rf6 35.Qd4 Rd6 36.Qg4 c2
37.Rc1 Rde6  0-1

[Event "ch-SCO"]
[Site "Hamilton SCO"]
[Date "2010.07.11"]
[Round "1"]
[White "Groetz,H"]
[Black "Giulian,R"]
[Result "1-0"]
[WhiteElo "2315"]
[BlackElo "1989"]

1.e4 e6 2.d4 d5 3.Nd2 a6 4.Ngf3 c5 5.exd5 exd5 6.Be2 c4 7.O-O Bd6 8.Re1 Ne7
9.b3 cxb3 10.axb3 O-O 11.Ne5 Nbc6 12.Ndf3 Ng6 13.Nd3 h6 14.c4 Qf6 15.Bb2 Nce7
16.Nfe5 Be6 17.g3 Rad8 18.Ng4 Bxg4 19.Bxg4 Bb8 20.Bf3 Ba7 21.c5 Bb8 22.Nb4 Bc7
23.Bg2 a5 24.Nc2 Qc6 25.Qd3 f5 26.f4 Rf7 27.Bc3 Ra8 28.b4 Rf6 29.b5 Qd7 30.b6 Bxf4
31.gxf4 Nxf4 32.Qf3 Nxg2 33.Kxg2 Ng6 34.Kh1 f4 35.Rg1 Qf5 36.Ne3 Qd3 37.Qxd5+ Kh7
38.Ng4 Rf5 39.Nf2 Qxc3 40.Qxf5 Qf3+ 41.Rg2  1-0

[Event "5th Summer Cup"]
[Site "Porto Carras GRE"]
[Date "2010.07.11"]
[Round "1"]
[White "Giannopoulos,I"]
[Black "Csonka,B"]
[Result "0-1"]
[WhiteElo "1645"]
[BlackElo "2267"]

1.e4 e6 2.d4 d5 3.Nd2 Be7 4.Bd3 c5 5.exd5 Qxd5 6.Ngf3 Nf6 7.O-O O-O 8.dxc5 Qxc5
9.Nb3 Qc7 10.Qe2 Nc6 11.Bd2 Nb4 12.Bc3 Nxd3 13.Qxd3 Rd8 14.Qe2 b6 15.Be5 Qb7
16.Rfd1 Bd7 17.Rd2 Bc6 18.Nbd4 Bxf3 19.Nxf3 Rxd2 20.Nxd2 Rd8 21.h3 Qd5 22.Bc3 Bc5
23.Bxf6 Qxd2 24.Qxd2 Rxd2 25.Bh4 Rxc2 26.Rd1 f6 27.Rd8+ Kf7 28.Rd7+ Kg6 29.Rxa7 Rxb2
30.Kf1 e5 31.a4 Ra2 32.Ra6 Kf5 33.Ra7 g5 34.Bg3 h5 35.f3 Ra1+ 36.Ke2 Rg1  0-1

[Event "3rd Open"]
[Site "Paracin SRB"]
[Date "2010.07.12"]
[Round "4"]
[White "Brankovic,De"]
[Black "Jovanovic,Boj2"]
[Result "1-0"]
[WhiteElo "2352"]
[BlackElo "2105"]

1.e4 e6 2.d4 d5 3.Nd2 Be7 4.Bd3 c5 5.dxc5 Nf6 6.exd5 Qxd5 7.Ngf3 Qxc5 8.O-O Nbd7
9.Re1 Qc7 10.c4 O-O 11.b3 b6 12.Bb2 Bb7 13.Ne4 Rfd8 14.Qc2 Nxe4 15.Bxe4 Bxe4
16.Qxe4 Bf6 17.Bxf6 Nxf6 18.Qe5 Qxe5 19.Rxe5 Rac8 20.Kf1 Rd3 21.Ke2 Rcd8
22.Re3 Rxe3+ 23.Kxe3 Kf8 24.Ne5 Rd6 25.Rc1 Ke7 26.b4 Nd7 27.Nd3 Rc6 28.Rc3 Kd6
29.f4 a5 30.a3 f6 31.Nf2 f5 32.Nd3 Nf6 33.Kd4 g5 34.c5+ bxc5+ 35.bxc5+ Kc7
36.Ne5 Ra6 37.fxg5 Ne4 38.Rh3 Nxg5 39.Rh5 h6 40.Rxh6 Ne4 41.g4 Ra8  1-0

[Event "3rd Open"]
[Site "Paracin SRB"]
[Date "2010.07.12"]
[Round "4"]
[White "Zivkovic,S"]
[Black "Zlatanovic,B"]
[Result "1/2-1/2"]
[WhiteElo "2289"]
[BlackElo "2422"]

1.e4 e6 2.d4 d5 3.Nd2 Nc6 4.Ngf3 Nf6 5.e5 Nd7 6.Nb3 a5 7.a4 Be7 8.h4 h6 9.h5 b6
10.Rh3 Bb7 11.Rg3 Bf8 12.c3 Ba6 13.Bxa6 Rxa6 14.Rg4 Rh7 15.Nh4 Be7  1/2-1/2

[Event "Canadian Open"]
[Site "Toronto CAN"]
[Date "2010.07.12"]
[Round "3"]
[White "Oussedik,E"]
[Black "Southam,D"]
[Result "1/2-1/2"]
[WhiteElo "2002"]
[BlackElo "2128"]

1.e4 e6 2.d4 d5 3.Nd2 Be7 4.Ngf3 Nf6 5.Bd3 c5 6.exd5 exd5 7.dxc5 Bxc5 8.O-O O-O
9.h3 h6 10.Nb3 Bb6 11.Re1 Nc6 12.c3 a6 13.Bf4 Be6 14.Bc2 Re8 15.Nbd4 Bc7
16.Bxc7 Qxc7 17.Qd3 Re7 18.Nf5 Bxf5 19.Qxf5 Rae8 20.Rxe7 Rxe7 21.Rd1 Qd7
22.Qxd7 Rxd7 23.Nd4 Nxd4 24.Rxd4 Kf8 25.Kf1 Ke7 26.Bd1 Kd6 27.f3 Re7 28.Bb3 Kc5
29.Kf2 Re8 30.Rd3 Re7 31.Re3 Rd7 32.g4 Kd6 33.Rd3 Kc5 34.Re3 b5 35.h4 Kd6
36.Kg3 Kc5 37.g5 hxg5 38.hxg5 Nh7 39.Kg4 Nf8 40.f4 Ng6 41.Rd3 Ne7 42.Rh3 g6
43.Bc2  1/2-1/2

[Event "3rd Open"]
[Site "Paracin SRB"]
[Date "2010.07.13"]
[Round "5"]
[White "Stojanovic,Zl"]
[Black "Lahiri,A"]
[Result "0-1"]
[WhiteElo "2255"]
[BlackElo "2353"]

1.e4 e6 2.d4 d5 3.Nd2 Be7 4.Bd3 c5 5.dxc5 Nf6 6.exd5 Qxd5 7.Ngf3 O-O 8.O-O Nbd7
9.Qe2 Nxc5 10.Bc4 Qf5 11.Nb3 b6 12.Nfd4 Qe4 13.Nxc5 Qxd4 14.Nb3 Qh4 15.Ba6 Rd8
16.Bxc8 Raxc8 17.c3 Nd5 18.Nd4 Bf6 19.Nf3 Qh5 20.Be3 Nxe3 21.fxe3 Qd5 22.Rfd1 Qe4
23.Kf2 Rd5 24.Rxd5 Qxd5 25.e4 Qc5+ 26.Kf1 b5 27.Rd1 b4 28.cxb4 Qxb4 29.b3 h6
30.g3 Bd8 31.Kg2 Bb6 32.Rd2 Rc1 33.Rc2 Rb1 34.Ne5 Re1 35.Rc8+ Kh7 36.Qf3 Qxe4
37.Nd7 Qxf3+ 38.Kxf3 Re3+ 39.Kf4 g5+ 40.Kg4 Re4+ 41.Kh5 Kg7 42.Nxb6 axb6
43.Rc2 Rd4 44.a4 Rd3 45.Rb2 e5 46.Re2 Rd5 47.b4 f5 48.Ra2 e4 49.a5 bxa5 50.bxa5 Rd7
51.h4 Kf6 52.a6 Ra7 53.Ra3 gxh4 54.Kxh4 Ke5 55.Kh3 Kf6 56.Kh4 Ke6 57.Kh5 Ke5
58.Kxh6 Kd4 59.Kg5 e3 60.Kxf5 e2 61.Ra4+ Kd5 62.Ra5+ Kd6  0-1

[Event "Int ch-SVK OpenA"]
[Site "Banska Stiavnica SVK"]
[Date "2010.07.14"]
[Round "5"]
[White "Petenyi,T"]
[Black "Vrana,F"]
[Result "1-0"]
[WhiteElo "2375"]
[BlackElo "2295"]

1.e4 e6 2.d4 d5 3.Nd2 Nc6 4.Ngf3 Nf6 5.e5 Nd7 6.Nb3 a5 7.a4 b6 8.Bb5 Ncb8
9.O-O Ba6 10.Bxa6 Nxa6 11.Qe2 Be7 12.Be3 c5 13.c4 dxc4 14.Qxc4 O-O 15.d5 exd5
16.Qxd5 Nb4 17.Qe4 Qc7 18.Rad1 Kh8 19.Bf4 Qc8 20.Rfe1 Ra7 21.Nbd2 Qa6 22.Nc4 b5
23.axb5 Qxb5 24.Nd6 Qa4 25.Nf5 Bd8 26.e6 Nf6 27.Qc4 fxe6 28.Qxe6 Nc2 29.Qd6 Rg8
30.Rf1 Rd7 31.Qxc5 Qxf4 32.Rxd7 Nxd7 33.Qxc2 Bf6 34.Rd1 Nb6 35.Nd6 Be7 36.Nf5 Bf6
37.Nd6 Be7 38.Qc6 Bxd6 39.Qxb6 Bc7 40.Qc6 Be5 41.Qb5 Bf6 42.Qxa5 Bxb2 43.Qd2 Qxd2
44.Rxd2 Rc8 45.g3 Bf6 46.Kg2 Kg8 47.h3 Rc7 48.Ra2 Kf7 49.Nd2 Re7 50.Kf3 Rc7
51.Ne4 Be7 52.Kg2 Rd7 53.f4 Rd4 54.Re2 Ra4 55.g4 Ra3 56.Nd2 Ra4 57.f5 Ra2
58.Kf3 Ra3+ 59.Re3 Ra4 60.Rd3 Ra7 61.Ne4 Rb7 62.h4 h6 63.g5 hxg5 64.hxg5 Ra7
65.Kf4 Rb7 66.Rd5 Ra7 67.Rb5 Ra8 68.Rb7 Kf8 69.Rc7 Rb8 70.Ra7 Rc8 71.Ke5 Re8
72.Kf4 Rb8 73.g6 Rc8 74.Ke5 Re8 75.Kd5 Rd8+ 76.Kc6 Rc8+ 77.Rc7 Rxc7+ 78.Kxc7 Ba3
79.Kd7 Bb4 80.Ng5 Ba3 81.Ne6+ Kg8 82.Ke8 Bb4 83.Nd8 Ba3 84.Nc6 Bb2 85.Ne7+ Kh8
86.Kf7 Bc3 87.Nd5 Ba1 88.Nf4 Bd4 89.Ne6 Be5 90.Nxg7  1-0

[Event "2nd Open"]
[Site "Rethymno GRE"]
[Date "2010.07.14"]
[Round "3"]
[White "Balaskas,P"]
[Black "Kekki,P"]
[Result "0-1"]
[WhiteElo "2074"]
[BlackElo "2371"]

1.e4 e6 2.d4 d5 3.Nd2 a6 4.c3 c5 5.dxc5 Bxc5 6.Nb3 Ba7 7.Nf3 Nc6 8.Bg5 Nge7
9.Bd3 h6 10.Be3 Bxe3 11.fxe3 Qb6 12.Qe2 e5 13.O-O-O Be6 14.Kb1 dxe4 15.Bxe4 Bxb3
16.axb3 Qxb3 17.Rd6 Qa4 18.Bc2 Qa5 19.Rhd1 O-O 20.Nh4 Rad8 21.Qd3 g6 22.Nxg6 fxg6
23.Rxg6+ Kf7 24.Rf1+ Ke8 25.Rxf8+ Kxf8 26.Qf1+ Ke8 27.Rxh6 Kd7 28.g4 Kc7
29.g5 Rd2 30.g6 Qd5 31.h4 Rh2 32.e4 Qd2 33.Qc1 Qg2 34.h5 Rh1 35.Bd1 Qxe4+
36.Ka2 Qd5+ 37.c4 Nb4+ 38.Ka3 Rh3+  0-1

[Event "Lake Sevan GM"]
[Site "Martuni ARM"]
[Date "2010.07.15"]
[Round "5"]
[White "Ter Sahakyan,S"]
[Black "Grigoryan,Av"]
[Result "1-0"]
[WhiteElo "2525"]
[BlackElo "2584"]

1.e4 e6 2.d4 d5 3.Nd2 Nc6 4.Ngf3 Nf6 5.e5 Nd7 6.c3 f6 7.Bb5 fxe5 8.dxe5 Be7
9.O-O O-O 10.Re1 a5 11.a4 Nc5 12.Nd4 Nxd4 13.cxd4 Na6 14.Bd3 Nb4 15.Bb1 Qe8
16.Ra3 c5 17.Rh3 g6 18.Nf3 Qf7 19.Bh6 Bd7 20.dxc5 Bxc5 21.Rg3 Kh8 22.h4 Rg8
23.Rg4 Raf8 24.Rf4 Qxf4 25.Bxf4 Rxf4 26.Qc1 Rc4 27.Qg5 Nc6 28.b3 Be7 29.Qh6 Bf8
30.Qe3 Bc5 31.Qd2 Rg4 32.Qh6 Rg7 33.Rc1 b6 34.Bd3 Ne7 35.Bb5 Nf5 36.Qd2 Bxb5
37.axb5 Rc7 38.Rc2 Kg8 39.Kf1 h6 40.g3 Kg7 41.Kg2 Rb4 42.Qd3 Rf7 43.Re2 Ra7
44.Ra2 a4 45.bxa4 Raxa4 46.Qc2 Rxa2 47.Qxa2 Kf7 48.Qa7+ Ne7 49.Ne1 Rd4 50.Qa2 Nf5
51.Qc2 Rc4 52.Qd1 Rc3 53.Nd3 Bd4 54.Qd2 Rb3 55.Kh3 Bc3 56.Qc2 Ra3 57.Kg2 d4
58.Qe2 Rb3 59.Qf3 h5 60.Qb7+ Ne7 61.Qxb6 Ba5 62.Qxa5 Rxd3 63.Qc7 Rb3 64.b6 d3
65.b7 d2 66.Qd7 Rxb7 67.Qxd2 Nf5 68.Qg5 Kg7 69.Qf6+ Kh7 70.Qxe6 Ng7 71.Qf6 Rb3
72.Qf7 Rb6 73.Kh3 Re6 74.Qc7 Kh6 75.f3 Ra6 76.Qc8 Re6 77.Qh8+  1-0

[Event "Corporation Centre Cup"]
[Site "Izhevsk RUS"]
[Date "2010.07.16"]
[Round "2"]
[White "Sadykov,Ra"]
[Black "Ipatov,Al2 RUS"]
[Result "1-0"]
[WhiteElo "2255"]
[BlackElo "2060"]

1.e4 e6 2.d4 d5 3.Nd2 Be7 4.e5 c5 5.Qg4 Kf8 6.dxc5 h5 7.Qf4 g5 8.Qe3 Nh6
9.Bd3 Nd7 10.Ngf3 g4 11.Nd4 Bg5 12.f4 gxf3 13.Qxf3 Nxe5 14.Qe2 Qf6 15.N2f3 Bxc1
16.Rxc1 Nxf3+ 17.Nxf3 Qf4 18.O-O Ng4 19.Rce1 Bd7 20.g3 Qh6 21.Ne5 Nxe5 22.Qxe5 h4
23.Rf6 Qh5 24.Qxh5 Rxh5 25.Bg6 Rh6 26.Rxf7+ Kg8 27.Rxd7 Rxg6 28.Rxb7 hxg3
29.c6 Rf8 30.hxg3 Rf3 31.Re2 Rfxg3+ 32.Kf2 R3g4 33.c7 Rf6+ 34.Ke1 Rf8 35.Rf2 Re4+
36.Kf1  1-0

[Event "Sparkassen Open A"]
[Site "Dortmund GER"]
[Date "2010.07.17"]
[Round "1"]
[White "Beer,M"]
[Black "Kern,G"]
[Result "1-0"]
[WhiteElo "2024"]
[BlackElo "2375"]

1.e4 e6 2.d4 d5 3.Nd2 Nc6 4.Ngf3 Nf6 5.e5 Nd7 6.Bd3 Nb4 7.Be2 c5 8.c3 Nc6
9.O-O g6 10.Re1 Bg7 11.Nf1 O-O 12.h4 cxd4 13.cxd4 f6 14.exf6 Nxf6 15.Bb5 Qb6
16.Bxc6 bxc6 17.Ng3 Ng4 18.h5 e5 19.hxg6 hxg6 20.Be3 Nxe3 21.fxe3 Bg4 22.Qc2 Bxf3
23.gxf3 Rxf3 24.Qxg6 c5 25.Qg4 Rxg3+ 26.Qxg3 cxd4 27.Rad1 Re8 28.Re2 Re7
29.Rc1 Qa6 30.Rec2 Qh6 31.exd4 Re6 32.Rc8+ Kh7 33.Qh2 Qxh2+ 34.Kxh2 exd4
35.R8c7 Kh6 36.R7c6 Be5+ 37.Kg2 Bd6 38.Rd1 Rg6+ 39.Kf1 Rf6+ 40.Ke2 Re6+ 41.Kd3 Kg5
42.Kxd4 Be5+ 43.Kxd5 Re7 44.Rg1+ Kf5 45.Rf1+ Kg5 46.Re6 Rxe6 47.Kxe6 Bxb2
48.Kd5 Kg6 49.Rf3 a5 50.a4 Kg7 51.Kc4 Bc1 52.Rd3 Kf7  1-0

[Event "Corporation Centre Cup"]
[Site "Izhevsk RUS"]
[Date "2010.07.17"]
[Round "3"]
[White "Gabaidulina,Olga"]
[Black "Ipatov,Al2 RUS"]
[Result "1/2-1/2"]
[WhiteElo "1885"]
[BlackElo "2060"]

1.e4 e6 2.d4 d5 3.Nd2 Be7 4.Ngf3 Nf6 5.e5 Nfd7 6.Bd3 c5 7.c3 Nc6 8.Bb1 b6
9.Nf1 Bb7 10.Ng3 h5 11.h4 Nf8 12.Ng5 f6 13.exf6 gxf6 14.Nh3 cxd4 15.cxd4 Bb4+
16.Bd2 Qd6 17.O-O Bxd2 18.Qxd2 O-O-O 19.Nf4 Kb8 20.a3 Ne7 21.Bd3 e5 22.dxe5 fxe5
23.Nfxh5 Nfg6 24.Bxg6 Nxg6 25.Qg5 Ne7 26.Rfe1 e4 27.Rad1 Rdg8 28.Qf6 Qxf6
29.Nxf6 Rg6 30.Nd7+ Kc8 31.Ne5 Re6 32.Nf3 Rhh6 33.Nd4 Reg6 34.Ngf5 Nxf5 35.Nxf5 Rh7
36.g3 Kb8 37.Kg2 Rh5 38.Nd4 Rxh4 39.Rh1 Rhh6 40.Nf5 Rxh1 41.Rxh1 a5 42.Nd4 Ba6
43.Rh5 Bb7 44.Rh4 Bc8 45.Rf4 Kc7 46.Kf1 Ba6+ 47.Ke1 Kd6 48.Kd2 Kc5 49.Ke3 Rh6
50.Rh4 Rf6 51.Rh7 b5 52.Rc7+ Kb6 53.Re7 Bc8 54.Rh7 b4 55.axb4 axb4 56.b3 Bg4
57.Rh8 Kb7 58.Rd8 Bd1 59.Rxd5 Bxb3 60.Rb5+ Kc7 61.Kxe4 Bg8 62.f4 Rg6 63.Kf3 Rb6
64.Rxb6 Kxb6 65.f5 b3 66.Nxb3 Bxb3 67.Kf4 Kc6 68.Ke5 Kd7 69.Kf6 Bd1 70.Kg7 Bh5
71.f6 Ke6 72.g4 Be8 73.g5 Kf5  1/2-1/2

[Event "Sparkassen Open A"]
[Site "Dortmund GER"]
[Date "2010.07.18"]
[Round "2"]
[White "Rott,G"]
[Black "Neuer,T"]
[Result "1/2-1/2"]
[WhiteElo "2221"]
[BlackElo "2090"]

1.e4 e6 2.d4 d5 3.Nd2 Nc6 4.Ngf3 Nf6 5.e5 Nd7 6.Bb5 f6 7.exf6 Qxf6 8.Nf1 Bd6
9.Bg5 Qf7 10.Ne3 a6 11.Bxc6 bxc6 12.O-O c5 13.c3 O-O 14.Bh4 cxd4 15.cxd4 c5
16.Rc1 Bb7 17.Bg3 Qe7 18.Bxd6 Qxd6 19.dxc5 Nxc5 20.Nc4 Qe7 21.Nb6 Rad8 22.Qd4 Ne4
23.Ne5 Qf6 24.Rc7 Bc8 25.f3 Nd6 26.Nc6 Qxd4+ 27.Nxd4 Rf7 28.Rfc1 e5 29.Nxc8 Rxc7
30.Rxc7 exd4 31.Ne7+ Kf8 32.Nxd5 Nb5 33.Rc5 d3 34.Kf2 d2 35.Ke2 Nd4+ 36.Kxd2 Ne6
37.Ra5 Nc7 38.Kd3 Rxd5+ 39.Rxd5 Nxd5 40.Kd4 Nc7 41.Kc5 Ke7 42.Kc6 Kd8 43.b4 Nb5
44.Kb7 Nc3 45.a3 Nb5 46.a4 Nc3 47.a5 Nd5 48.Kxa6 Nxb4+ 49.Kb6 Kd7 50.Kc5 Nd3+
51.Kb6 Nb4  1/2-1/2

[Event "33rd Taminco Open"]
[Site "Ghent BEL"]
[Date "2010.07.18"]
[Round "3"]
[White "Fedorchuk,S"]
[Black "Stone,A ENG"]
[Result "1-0"]
[WhiteElo "2665"]
[BlackElo "2223"]

1.e4 e6 2.d4 d5 3.Nd2 Nc6 4.Ngf3 Nf6 5.e5 Nd7 6.Be2 f6 7.exf6 Qxf6 8.Nf1 Bd6
9.Ne3 O-O 10.O-O Qg6 11.c4 Nf6 12.c5 Bf4 13.Nc2 Ne4 14.Nce1 Bxc1 15.Rxc1 Qf6
16.Bb5 Bd7 17.a4 Rad8 18.Bxc6 Bxc6 19.Nd3 a5 20.Nfe5 Be8 21.b3 Ra8 22.Qe2 Ra7
23.Rfe1 Qh4 24.f3 Nf6 25.Qe3 Nd7 26.Ng4 Bf7 27.Qf4 Qd8 28.Qg3 Kh8 29.Nf4 Re8
30.Re2 Ra6 31.Rce1 Nf8 32.Ne5 Qf6 33.Nxd5  1-0

[Event "2nd Open"]
[Site "Rethymno GRE"]
[Date "2010.07.18"]
[Round "7"]
[White "Kryvoruchko,Y"]
[Black "Richter,Mic"]
[Result "1-0"]
[WhiteElo "2609"]
[BlackElo "2428"]

1.e4 e6 2.d4 d5 3.Nd2 a6 4.Bd3 c5 5.dxc5 Bxc5 6.Ngf3 Nf6 7.O-O O-O 8.e5 Nfd7
9.Nb3 Be7 10.Re1 Nc6 11.c3 Re8 12.Nbd4 Nf8 13.Bf4 Bd7 14.Bg3 Qb6 15.Qd2 Nxd4
16.Nxd4 Bc5 17.h4 Bxd4 18.cxd4 Bb5 19.Bc2 Rac8 20.Rad1 Qc7 21.Bb1 Qe7 22.h5 h6
23.Qf4 Qg5 24.Qf3 Ba4 25.b3 Bd7 26.Bf4 Qh4 27.g3 Qe7 28.Kg2 Rc6 29.Rh1 Rec8
30.Bd2 Nh7 31.Qd3 Ng5 32.Rh4 f5 33.exf6 gxf6 34.Re1 Kh8 35.Qe2 Rg8 36.Rhh1 Qg7
37.Qe3 Rcc8 38.Rc1 Bc6 39.Bg6 Rcd8 40.Ba5 Rc8 41.Rhf1 Bd7 42.Qf4 e5 43.Qe3 e4
44.Qf4 Qe7 45.g4 Rc6 46.Rxc6 bxc6 47.Rc1 Qe6 48.Kg3 Rxg6 49.hxg6 h5 50.Bd2 Kg7
51.Be3 hxg4 52.Rh1 Kxg6 53.Rh8 Qf7 54.Qb8 Ne6 55.b4 Ng7 56.Rh6+ Kf5 57.Qf4+ Ke6
58.Qe5+  1-0

[Event "Aegean Open"]
[Site "Agios Kirykos GRE"]
[Date "2010.07.19"]
[Round "7"]
[White "Kokolias,K"]
[Black "Tsiotridis,P"]
[Result "1-0"]
[WhiteElo "2238"]
[BlackElo "2013"]

1.e4 e6 2.d4 d5 3.Nd2 a6 4.Ngf3 c5 5.dxc5 Bxc5 6.Bd3 Nc6 7.Qe2 Nf6 8.a3 Qc7
9.O-O h6 10.c4 dxc4 11.Nxc4 b5 12.Ne3 O-O 13.a4 Bb7 14.axb5 axb5 15.Rxa8 Rxa8
16.Bxb5 Nxe4 17.Nc4 Nd4 18.Nxd4 Bxd4 19.Be3 Bxe3 20.Qxe3 Nd6 21.Nxd6 Qxd6
22.Be2 Ra2 23.b3 Qa3 24.Bc4 Ra1 25.Qc3 Rxf1+ 26.Kxf1 Qa8 27.f3 Qb8 28.h3 Qd6
29.b4 Bd5 30.Bxd5 Qxd5 31.Qc8+ Kh7 32.Qc5 Qd1+ 33.Kf2 f5 34.f4 Qd2+ 35.Kg3 Qe1+
36.Kh2 Qd2 37.Qc4 Qe3 38.b5 e5 39.fxe5 Qxe5+ 40.Kg1 Qe3+ 41.Kf1 f4 42.Qd5 Qc1+
43.Ke2 Qe3+ 44.Kd1 Qf2 45.Qc6 Qd4+ 46.Kc2 Qa4+ 47.Kc3 Qa3+ 48.Kd4 Qe3+ 49.Kc4 Qe2+
50.Kc5 Qe3+ 51.Kd6 Qd4+ 52.Ke6 Qf6+ 53.Kd5 Qf7+ 54.Ke5 g5 55.b6 Qe7+ 56.Qe6 Qc5+
57.Kf6 Qd4+ 58.Kf7 Qg7+ 59.Ke8 Qh8+ 60.Ke7 Qb8 61.Qf7+  1-0

[Event "XII Open"]
[Site "Sant Marti ESP"]
[Date "2010.07.19"]
[Round "7"]
[White "Lorenzo de la Riva,L"]
[Black "Aderito,P"]
[Result "1/2-1/2"]
[WhiteElo "2407"]
[BlackElo "2333"]

1.e4 e6 2.d4 d5 3.Nd2 a6 4.Ngf3 c5 5.exd5 exd5 6.dxc5 Bxc5 7.Nb3 Ba7 8.Be2 Ne7
9.O-O O-O 10.Bf4 Nbc6 11.c3 Re8 12.Qd2 Bf5 13.Rad1 Qd7 14.Nfd4 Nxd4 15.Nxd4 Bxd4
16.Qxd4 Nc6 17.Qd2 d4 18.Be3 Qe6 19.cxd4 Qxa2 20.d5 Ne5 21.Qb4 Bc2 22.Rd2 Qb3
23.Qxb3 Bxb3 24.Rc1 Rac8 25.Rxc8 Rxc8 26.f4 Nd7 27.Bg4 Rd8 28.d6 Ba4 29.Bf3 Bc6
30.Bxc6 bxc6 31.b4 f5 32.Ra2 Ra8 33.Bd4 Kf7 34.Re2 Re8 35.Rxe8 Kxe8 36.Bxg7 c5
37.bxc5 Nxc5 38.Kf2 Kd7 39.h3 Ne4+ 40.Ke3 Kxd6 41.g4 Ke6 42.Bb2 a5 43.Ba3 a4
44.g5 Ng3 45.Kd4 Ne2+ 46.Ke3 Ng3  1/2-1/2

[Event "Sparkassen Open A"]
[Site "Dortmund GER"]
[Date "2010.07.20"]
[Round "4"]
[White "Quast,M"]
[Black "Wiebe,P"]
[Result "1-0"]
[WhiteElo "2146"]
[BlackElo "2248"]

1.e4 e6 2.d4 d5 3.Nd2 Be7 4.exd5 exd5 5.Bd3 Nf6 6.Ne2 Nc6 7.c3 Bg4 8.O-O O-O
9.h3 Bh5 10.f4 Bxe2 11.Qxe2 Bd6 12.Nf3 Ne7 13.Be3 Ne4 14.Bxe4 dxe4 15.Ng5 Nf5
16.Rfe1 Nxe3 17.Qxe3 Re8 18.f5 h6 19.Nxe4 Qh4 20.Qf3 Re7 21.Re2 Rae8 22.Rae1 h5
23.Nxd6 cxd6 24.g3 Qf6 25.Kf2 h4 26.g4 Qg5 27.Rxe7 Rxe7 28.Rxe7 Qxe7 29.Qe3 Qd7
30.Kf3 Qb5 31.Qe2 Qd5+ 32.Kf4 Qh1 33.Qe3 Qh2+ 34.Kg5 Qxb2 35.Qe8+ Kh7 36.Qxf7 Qxc3
37.Qh5+ Kg8 38.Kg6 Qxd4 39.Qh7+ Kf8 40.Qh8+ Ke7 41.Qxg7+ Qxg7+ 42.Kxg7  1-0

[Event "Corporation Centre Cup"]
[Site "Izhevsk RUS"]
[Date "2010.07.20"]
[Round "6"]
[White "Shcherbakov,R"]
[Black "Sabaev,E"]
[Result "1/2-1/2"]
[WhiteElo "2516"]
[BlackElo "2256"]

1.e4 e6 2.d4 d5 3.Nd2 Nc6 4.c3 e5 5.exd5 Qxd5 6.Ngf3 exd4 7.Bc4 Qh5 8.O-O Nf6
9.cxd4 Be7 10.Be2 Qd5 11.Nc4 O-O 12.Ne3 Qd6 13.Nc4 Qd8 14.Nce5 Nb4 15.a3 Nbd5
16.Bd3 c6 17.h3 Nd7 18.Qc2 g6 19.Bh6 Re8 20.Rfe1 Nxe5 21.dxe5 Be6 22.Rad1 Bf8
23.Bxf8 Rxf8 24.Qc1 Kg7 25.Re4 h6 26.Nd4 Qe7 27.Rde1 Rad8 28.Bb1 Nc7 29.b4 Bd5
30.Rg4 Be6 31.Rge4 Bd5 32.Rg4 Be6 33.Rf4 Rd7 34.h4 Rfd8 35.Qb2 h5 36.g3 c5
37.Nxe6+ Nxe6 38.Rfe4 Rd2 39.Qc3 Rd1 40.Bc2 Rxe1+ 41.Rxe1 b6 42.Bb3 Rd4 43.bxc5 Qxc5
44.Qf3 Qe7 45.Qe3 Rd8 46.Ba2 Nc5 47.Bc4 Ne6 48.Qf3 Nd4 49.Qf4 Ne6 50.Qe3 Rc8
51.Bd5 Rd8 52.Bc4 Rc8 53.Bd5 Rd8 54.Qf3 Nc7 55.Bb3 Ne6 56.Bd5 Nc7 57.Bc4 Ne6
58.Rd1 Rxd1+ 59.Qxd1 Nc5 60.Qd4 Ne6 61.Qd3 Qd8 62.Qf3 Qe7 63.Qd3 Qd8 64.Qf3 Qe7
65.Qd3 Qd8  1/2-1/2

[Event "Najdorf Mem Open A"]
[Site "Warsaw POL"]
[Date "2010.07.20"]
[Round "4"]
[White "Drozdowski,K"]
[Black "Berczes,D"]
[Result "1/2-1/2"]
[WhiteElo "2223"]
[BlackElo "2551"]

1.e4 e6 2.d4 d5 3.Nd2 a6 4.Ngf3 c5 5.Bd3 cxd4 6.Nxd4 Nd7 7.exd5 Nc5 8.Nc4 exd5
9.Ne3 g6 10.O-O Bg7 11.Re1 Ne7 12.c3 O-O 13.Bc2 Ne6 14.Nxe6 Bxe6 15.Bb3 Qa5
16.Nc2 Nf5 17.Bf4 Rfd8 18.Be5 Bxe5 19.Rxe5 Qb6 20.Nd4 Nxd4 21.Qxd4 Qxd4 22.cxd4 a5
23.Re2 a4 24.Bd1 Rdc8 25.Rd2 Kf8 26.f3 Rc4 27.Kf2 Ke7 28.b3 axb3 29.Bxb3 Rc3
30.Re1 Kd6 31.Ree2 Rac8 32.Re3 Rc1 33.Re1 R1c3 34.Re3 R3c7 35.Ree2 f6 36.Rc2 Bf5
37.Rxc7 Rxc7 38.Re8 Be6 39.Rd8+ Ke7 40.Rh8 Kd6 41.Rd8+ Rd7 42.Rxd7+ Bxd7
43.Ke3 Bb5 44.Bd1 Kc6 45.Kd2 g5 46.g3 Bc4 47.a3 Kb5 48.Kc3 h6 49.Bc2 b6  1/2-1/2

[Event "Najdorf Mem Open A"]
[Site "Warsaw POL"]
[Date "2010.07.20"]
[Round "4"]
[White "Warakomski,T"]
[Black "Bentivegna,F"]
[Result "0-1"]
[WhiteElo "2495"]
[BlackElo "2340"]

1.e4 e6 2.d4 d5 3.Nd2 Nc6 4.Ngf3 Nf6 5.e5 Nd7 6.Bb5 a6 7.Bxc6 bxc6 8.Nb3 c5
9.c4 dxc4 10.Na5 Nb6 11.O-O Qd5 12.dxc5 Bxc5 13.Bd2 Bd7 14.Qc2 Ba4 15.b3 cxb3
16.axb3 Bb5 17.Rad1 Bd3 18.Qc1 Bxf1 19.b4 Be2 20.bxc5 Bxd1 21.Qxd1 Qxc5 22.Qe2 O-O
23.h4 Rfd8 24.Ng5 Qb5 25.Qh5 Qb1+ 26.Kh2 Qf5 27.Nc6 Re8 28.Qe2 Nd5 29.g4 Qb1
30.Qf3 Rf8 31.Ne4 Qc2 32.Nd4 Qc4 33.Ne2 f5 34.exf6 Nxf6 35.Nxf6+ Rxf6  0-1

[Event "Aegean Open"]
[Site "Agios Kirykos GRE"]
[Date "2010.07.21"]
[Round "9"]
[White "Markantonaki,H"]
[Black "Tepelenis,N"]
[Result "1-0"]
[WhiteElo "2129"]
[BlackElo "2224"]

1.e4 e6 2.d4 d5 3.Nd2 Nc6 4.Ngf3 Nf6 5.e5 Nd7 6.c3 Be7 7.Bd3 f6 8.exf6 Bxf6
9.Qc2 g6 10.O-O O-O 11.Re1 Qe7 12.Nf1 e5 13.dxe5 Ndxe5 14.Nxe5 Nxe5 15.Bf4 Qg7
16.Qb3 c6 17.Bc2 Nc4 18.Bg3 Bg5 19.Bd3 Qf7 20.Qc2 Bf5 21.b3 Na3 22.Qd1 Rfe8
23.Qf3 Nc2 24.Bxc2 Bxc2 25.Qg4 Bf6 26.Ne3 Bd3 27.Rac1 Rad8 28.Qd1 Ba6 29.Ng4 Bg7
30.Qd2 Rxe1+ 31.Rxe1 Re8 32.Be5 Qf5 33.Bxg7 Rxe1+ 34.Qxe1 Kxg7 35.h3 Qe4
36.Qd2 h5 37.Qh6+ Kf7 38.Qh7+ Kf8 39.Qh8+ Ke7 40.Qf6+ Ke8 41.Ne5 Qf5 42.Qxg6+ Qxg6
43.Nxg6 c5 44.f3 Bd3 45.Nf4 Bb1 46.a3 Ba2 47.Nxd5 Bxb3 48.Nf6+ Ke7 49.Nxh5 a5
50.Kf2 b5 51.Ke3 a4 52.Kd2 Bc4 53.Ng3  1-0

[Event "I Open"]
[Site "Girona ESP"]
[Date "2010.07.21"]
[Round "9"]
[White "Pruja Ramirez de Cartagena,M"]
[Black "Garcia Martinez,Josep"]
[Result "1-0"]
[WhiteElo "2228"]
[BlackElo "2119"]

1.e4 e6 2.d4 d5 3.Nd2 Nc6 4.Ngf3 Nf6 5.e5 Nd7 6.Nb3 f6 7.Bb5 a6 8.Bxc6 bxc6
9.O-O c5 10.exf6 Qxf6 11.c4 dxc4 12.Na5 cxd4 13.Bg5 Qf5 14.Qa4 Bd6 15.Nxd4 Qe5
16.Nf3 Qf5 17.Nxc4 Bb7 18.Bh4 O-O 19.Nxd6 cxd6 20.Qxd7 Rf7 21.Qxd6 Raf8 22.Rae1 Bd5
23.b3 Qg4 24.Bg3 Rxf3 25.h3 Qg5 26.Qe5 Qxe5 27.Bxe5 Rd3 28.Rc1 Rd2 29.a3 Bxb3
30.f3 Rf5 31.Rc8+ Kf7 32.Rc7+ Kg6 33.Rxg7+ Kh6 34.Ba1 Rc5 35.Rg4 Rg5 36.Bc3 Rc2
37.Bb4 Rxg4 38.hxg4 Kg5 39.Be7+ Kf4 40.Re1 Bd5 41.Bh4 e5 42.Rf1 e4 43.g3+ Ke3
44.Bg5+ Kd3 45.Rd1+ Kc4 46.Be3 Re2 47.Rd4+ Kc3 48.Rxd5 Rxe3 49.fxe4 Rxe4
50.g5 Kc4 51.Ra5 Re6  1-0

[Event "21st Czech Rapid Open"]
[Site "Pardubice CZE"]
[Date "2010.07.21"]
[Round "4"]
[White "Maslak,K"]
[Black "Rakhmanov,Ale"]
[Result "1/2-1/2"]
[WhiteElo "2560"]
[BlackElo "2590"]

1.d4 e6 2.e4 d5 3.Nd2 Be7 4.Ngf3 Nf6 5.Bd3 c5 6.exd5 Qxd5 7.dxc5 Qxc5 8.O-O Nbd7
9.Qe2 Qc7 10.b3 Nd5 11.Bb2 Nf4 12.Qe4 Nxd3 13.cxd3 Nf6 14.Bxf6 Bxf6 15.Rac1 Qd8
16.Ne5 O-O 17.Ndc4 Qd5 18.Ng4 Bd4 19.Nge3 Qd8 20.Nc2 Bf6 21.d4 Rb8 22.Ne5 Bd7
23.Rfd1 Qe7 24.Ne3 Rfd8 25.Rc7 Bc6 26.Nxc6 Qxc7 27.Nxb8 Qxb8 28.d5 Qe5 29.Qxe5 Bxe5
30.dxe6 Rxd1+ 31.Nxd1 fxe6 32.h3 Kf7 33.Kf1 Ke7 34.Ke2 Kd6 35.Kd3 Kc5 36.Ne3 Bf4
37.Nc2 Kd5 38.Nb4+ Ke5 39.g3 Bc1 40.Nc2 Kd6 41.Kd4 Bb2+ 42.Ke4 Bc3 43.Kd3 Ba5
44.Ke4 Bb6 45.f4 Ba5 46.Kd4 Bd2 47.Kd3 Ba5 48.Kd4 Bd8 49.Ke4 Bf6 50.Nd4 a6
51.g4 g6 52.Nc2 Kc5 53.Kd3 g5 54.fxg5 Bxg5 55.Ke4 Bf6 56.Kd3 Kd5 57.Ne3+ Ke5
58.Nc4+ Kf4 59.Nd6 b5 60.Ne4 Be7 61.Kd4 Bd8 62.a4 bxa4 63.bxa4 Be7 64.Nd2 Bf6+
65.Kd3 e5 66.Ne4 Be7 67.Nd2 Kg3 68.Ke4 Kxh3 69.Kf5 h6 70.Ne4 Kh4 71.Nc3 a5
72.Ne4 Bd8 73.Nd6 Bg5 74.Ne4 Bf4 75.Nf6 Kg3 76.Ne4+ Kf3 77.Nd6 Bc1 78.Ne4 Bb2
79.Nd6 Bd4 80.Nc4 Bc3 81.Nd6 Ke3 82.Nc4+ Kf3 83.Nd6 Bb4 84.Ne4 Be7 85.Nc3 Bd8
86.Ne4 Bc7 87.Nc3 Bb8 88.Ne4 Ke3 89.Nc5 Bc7 90.Ne4 Kd4 91.Nf6 Bd8 92.Ne4 Be7
93.Nd2 Kc3 94.Nf3 Kb4 95.Nxe5 Kxa4 96.Nc6 Bg5 97.Nxa5 Kxa5 98.Ke4 Kb4 99.Kf3 Kc4
100.Kg2 Kd4 101.Kh1 Ke4 102.Kg2 Kf4 103.Kh1 Kg3 104.Kg1  1/2-1/2